000 00404nam a2200169Ia 4500
008 180424s9999 xx 000 0 und d
084 _a301.151 T1
100 _a"Turner, "
245 0 _aCollective Behaviour
250 _a\\195700ENGGPSX
260 _aPrentice Hall
260 _b1957
260 _cEnglewood Cliffs
300 _ax+547p
500 _aincludes index and biblioraphy
942 _cBK
999 _c10466
_d10466